General knowledge för KRISTINA GRANELLI #5 - Statistics

General Stats
  • This quiz has been taken 2 times
  • The average score is 14 of 30
Answer Stats
Hint Answer % Correct
Vad heter Kalle anka på danska? Anders And
100%
Vilket verb använder vidskepliga och betyder ungefär "Dra otur över något genom att prata om det"? Jinxa
100%
På vilket varuhus mördades Anna Lindh år 2003? NK
100%
Vilket företag har gjort spelkonsolen playstation? Sony
100%
Vad kallas en exploderande eller redan exploderad stjärna? Supernova
100%
Från vilket land kommer maträtten "Pho" ifrån? Vietnam
100%
Vilket år infördes högertrafiken i Sverige? 1967
50%
Vilket grundämne har den kemiska beteckningen "As"? Arsenik
50%
Vilket psykologisk fenomen kopplas ihop med mordet på Kitty Genovese? Åskådareffekten
50%
Vilken sport förknippas med Luka Doncic och Nikola Jokic? Basket
50%
Vilken amerikansk skådespelare spelade "Benke/Jum-Jum" i "Mio min Mio"? Christian Bale
50%
Kishti Tomas, Peter Swartling, Daniel Breitholtz. Vem saknas i första uppsättningen av Idol-jurys? Claes af Geijerstam
50%
Vad kallas den ost som liknar parmesan, men har 3 månader kortare lagringsperiod och produceras i ett störra område? Grana Padano
50%
Vad är kallas den högsta ranken en medlem i Ku Klux Klan kan få? Grand Wizard / Imperial Wizard
50%
Vilket prestigefullt race vann Marcus Eriksson 2022? Indy 500
50%
Vad kallas 0 i tennisspråk? Love
50%
Vilket svenskt spritbolag ansökte om konkurs 2024? Mackmyra
50%
Vilken svensk har spelat flest matcher i NHL? Nicklas Lidström
50%
Vad kallas karaktären Morgan Freeman spelar i "Nyckeln till Frihet"? Red
50%
Till vilken sport hör ordet "Fock" till? Segling
50%
Vad heter Coops egna varumärken? Coop, Änglamark och _ _ _ Xtra
50%
Vad kallas den gröna sydamerikanska såsen som används bland annat används som marinad eller tillbehör till kött eller fisk? Chimichurri
0%
Vad heter bröderna som grundade Adidas och Puma i efternamn? Dassler
0%
Vad innehåller en Negroni? (Säg minst två av tre) Gin, Campari, Vermouth
0%
Vem efterträdde Lotta Folcker som chefsredaktör på Aftonbladet 2024? Lena K. Samuelsson
0%
Vad heter staden i New Mexico där Robert Oppenheimer och hans lag byggde atombomben genom "The Manhattan Project"? Los Alamos
0%
I vilken stad vägrade Rosa Parks att sitta längst bak i bussen? Montgomery
0%
Vad kallas ett statsskick där de rika blir fördelade makten? Plutokrati
0%
Vilket djur heter "Pan troglodytes" på latin? Schimpans
0%
Vad heter artisten "Darin" i efternamn? Zanyar
0%
No matching quizzes found
Score Distribution
Percent of People with Each Score
Percentile by Number Answered
Your Score History
You have not taken this quiz